| 000 | 00644nam a2200217Ia 4500 | ||
|---|---|---|---|
| 003 | OSt | ||
| 005 | 20210520101803.0 | ||
| 008 | 210310q1974 mx gr 000 0 spa d | ||
| 040 |
_aCO-JMCR _cCO-JMCR |
||
| 041 | 0 | _aspa | |
| 082 | 0 | 4 |
_a330.1 / _bM392t _223 |
| 100 | 1 |
_aMarx, Carl, _96329 _eautor |
|
| 245 | 1 | 0 |
_aTeorías de la plusvalía / _cCarl Marx |
| 260 |
_aMéxico : _bFondo de Cultura Económica, _c[1974] |
||
| 300 |
_a2 volúmenes ; _c21 cm. |
||
| 490 | 0 |
_aComunicación ; _v28 |
|
| 650 | 1 | 4 |
_aEconomía _915603 _xHistoria |
| 650 | 2 | 4 |
_aEconomía política _xTeorías _937701 |
| 650 | 2 | 4 |
_aPlusvalía _xHistoria _937702 |
| 942 |
_2ddc _cBK |
||
| 999 |
_c7840 _d7840 |
||